Obras completas
Gespeichert in:
| 1. Verfasser: | |
|---|---|
| Format: | Buch |
| Sprache: | Spanisch |
| Veröffentlicht: |
Barcelona
Círculo de Lectores
1999
|
| Schriftenreihe: | Opera Mundi
|
| Schlagworte: | |
| Tags: |
Tag hinzufügen
Keine Tags, Fügen Sie den ersten Tag hinzu!
|
MARC
| LEADER | 00000nam a2200000 a 4500 | ||
|---|---|---|---|
| 001 | UCL0698 | ||
| 003 | CL-VaPUC | ||
| 005 | 20250416120901.0 | ||
| 008 | 030808e19990000SP |||||||||||||||||spa|d | ||
| 999 | |c 304512 |d 304510 | ||
| 020 | |a 8422679701 | ||
| 020 | |a 8422679728v.2 | ||
| 040 | |c Pontificia Universidad Católica de Valparaíso | ||
| 082 | 0 | 4 | |a Ch861 |b NER |2 21 |
| 100 | |a Neruda, Pablo |e autor |9 306531 | ||
| 245 | 1 | 0 | |a Obras completas |
| 246 | 1 | 0 | |a De Odas elementales a Memorial de Isla Negra, 1954-1964 |
| 260 | |a Barcelona |b Círculo de Lectores |c 1999 | ||
| 300 | |a v | ||
| 490 | 0 | |a Opera Mundi | |
| 583 | |a last modification |c 20030808 00:00:00 |k Rodrigo Vera | ||
| 650 | 0 | |a Poesías chilenas |9 265280 | |
| 650 | 0 | |a Literatura chilena |9 308278 | |
| 942 | |c BK |2 ddc | ||
| 945 | |d 20030808 00:00:00 |a cmena | ||